Manažérske zručnosti

Bibliographic Details
Main Authors: Ondrejkovič, Peter (Author), Poliaková, Eva (Author)
Format: Book
Language:Slovak
PhysicalDescription:260 s. tab. 30 cm
Published: Bratislava Národná banka Slovenska 2000
ISBN:8080430497
Subjects:

MARC

LEADER 00000cam a2200000 a 4500
001 vtls001394394
003 SK-MaSNL
005 20260302001025.0
008 240226s2000 xo p frp 000 0 slo
015 |a SNBA2000/10-03534 
020 |a 8080430497 
035 |a SNK000348722 
035 |a urn:nbn:sk:snk-amyhgi 
035 |a urn:nbn:sk:snk-am00ckym 
035 |a 93D8865D-77BC-4262-B984-8E9B73C50D0E 
040 |a SNK  |b slo  |c SNK  |e AACR2 
041 0 |a slo 
044 |a xo  |c SK 
080 |a 65.012.4(075.4)  |2 1981 
100 1 |a Ondrejkovič, Peter  |4 aut  |9 206390 
245 1 0 |a Manažérske zručnosti  |c [autori: Peter Ondrejkovič, Eva Poliaková] 
260 |a Bratislava  |b Národná banka Slovenska  |c 2000 
300 |a 260 s.  |b tab.  |c 30 cm 
500 |a Údaj o aut. prevzatý z rubu tit. strany 
504 |a Bibliogr. s. 259-260 
650 0 7 |a manažment  |2 SNKPH  |9 922 
650 0 7 |a manažérske zručnosti  |2 SNKPH  |9 115265 
650 0 7 |a bankovníctvo  |2 SNKPH  |9 2101 
655 7 |a učebnice  |2 SNKPH  |9 22521 
700 1 |a Poliaková, Eva  |4 aut  |9 636383 
919 |a 80-8043-049-7 
958 |a TL 
958 |a NB 
958 |a UV 
999 |c 982136  |d 984066 
952 |t P60, <03>, [BOOK], {603}  |a SNK  |b SNK  |y PREZ  |7 0  |p 17A0249037  |o snkSB 62180  |i snkKSP 8490/2000  |0 0  |1 0  |4 0  |d 2000-08-18  |f 1  |l 0  |r 2025-04-11 00:00:00  |w 2026-02-24 
952 |t P60, <04>, [BOOK], {604}  |a SNK  |b SNK  |y VYP  |7 0  |p 17A0249038  |o snkSB 62180 D1  |i snkKSP 8491/2000  |0 0  |1 0  |4 0  |d 2000-08-18  |l 0  |r 2005-01-02 00:00:00  |w 2026-02-24